000 00460nam a2200181Ia 4500
001 9696
005 20260306161737.0
008 260306t2011||||xx |||||||||||||| ||spa||
041 _aESP
082 _a398.20938
_bH21
100 _aHansen, William
_eAUT
245 0 _aLos mitos clásicos:
_buna guía del mundo mítico de Grecia y Roma
260 _c2011
300 _a540 páginas :
_c24 cm.
650 _aGEN
654 _aCHU
942 _cLIB
_dJUS
_fJUS
_2ddc
_n
999 _c9696
_d9696